Universal message of the Bhagavad Gita : (Record no. 64088)

MARC details
000 -LEADER
fixed length control field 00536nam a22001577a 4500
005 - DATE AND TIME OF LATEST TRANSACTION
control field 20180629124446.0
020 ## - INTERNATIONAL STANDARD BOOK NUMBER
International Standard Book Number 8175052139
Terms of availability 120.00
035 ## - SYSTEM CONTROL NUMBER
System control number B-23876, B-023881
037 ## - SOURCE OF ACQUISITION
Stock number DPL
Source of stock number/acquisition ENG
100 ## - MAIN ENTRY--PERSONAL NAME
Personal name Ranganathananda, Swami
245 ## - TITLE STATEMENT
Title Universal message of the Bhagavad Gita :
Remainder of title An exposition of the Gita in the light of modern thought and modern needs /
Statement of responsibility, etc by Ranganathananda Swami
250 ## - EDITION STATEMENT
Edition statement Vol.I
260 ## - PUBLICATION, DISTRIBUTION, ETC. (IMPRINT)
Place of publication, distribution, etc Calcutta
Name of publisher, distributor, etc Advaita Ashrama
Date of publication, distribution, etc 2000
300 ## - PHYSICAL DESCRIPTION
Extent 519p.
Dimensions 20 cms.
942 ## - ADDED ENTRY ELEMENTS (KOHA)
Source of classification or shelving scheme Dewey Decimal Classification
Item type English Books
Classification part 181.45
Call number suffix GIT
Holdings
Withdrawn status Lost status Not for loan Collection code Home library Current library Date acquired Cost, normal purchase price Full call number Barcode Cost, replacement price Koha item type Source of acquisition
      Non-fiction Sarojini Nagar Sarojini Nagar 17/03/2012 120.00 181.45 GIT B-23876 120.00 English Books  
      Non-fiction Shahdara Branch Shahdara Branch 29/06/2018 0.00 181 GIT B-023881 0.00 English Books BPPD/PUB

© Delhi Public Library
Hit Counter
free hit counter